000 00652nam a2200277Ia 4500
005 20260324131732.0
008 008 260324s9999 xx 000 0 eng d
020 _a9780203507254
037 _aEBOOK
040 _aCRL
040 _beng
040 _cCRL
041 _2eng
041 _aeng
084 _qCRL
100 _aKathrin Hörschelmann; Bettina van Hoven
_91186625
245 0 _aSpaces of Masculinities
260 _bTaylor and Francis
260 _c2005
365 _a
365 _b315
856 _uhttp://www.taylorfrancis.com/books/9780203507254
942 _cEBOOK
999 _c1784078
_d1784078